Comtés et départements bordant la Manche - Statistiques

Statistiques générales
  • Ce quiz a été pris 207 fois
  • Le résultat moyen est 11 sur 17
Réponses sur la Carte
Les réponses sont colorées sur une échelle allant du rouge au vert en fonction du pourcentage des utilisateurs qui les ont devinées à leur premier essai. Vous pouvez retrouver ces pourcentages ci-dessous.
 
Statistiques - réponses
Comté ou département % Correct
Finistère
97%
Pas-de-Calais
96%
Calvados
95%
Manche
95%
Seine-Maritime
93%
Côtes-d'Armor
92%
Ille-et-Vilaine
91%
Somme
91%
Eure
90%
Cornouailles
61%
Île de Wight
30%
Kent
29%
Devon
26%
Dorset
20%
Sussex de l'Est
17%
Sussex de l'Ouest
17%
Hampshire
15%
Aucun quiz correspondant
Distribution des résultats
% des personnes avec chaque résultat
Percentile par nombre de réponses
Votre historique - résultats
Vous n’avez pas pris ce quiz